Fuzzy algorithms for control (Record no. 23945)

MARC details
000 -LEADER
fixed length control field 00655nam a22002177a 4500
003 - CONTROL NUMBER IDENTIFIER
control field OSt
005 - DATE AND TIME OF LATEST TRANSACTION
control field 20220218124155.0
008 - FIXED-LENGTH DATA ELEMENTS--GENERAL INFORMATION
fixed length control field 220218b |||||||| |||| 00| 0 eng d
020 ## - INTERNATIONAL STANDARD BOOK NUMBER
International Standard Book Number 9789401058933
082 ## - DEWEY DECIMAL CLASSIFICATION NUMBER
Classification number 511.3223
Item number F98F
245 ## - TITLE STATEMENT
Title Fuzzy algorithms for control
Statement of responsibility, etc edited by H.B. Verbruggen
260 ## - PUBLICATION, DISTRIBUTION, ETC. (IMPRINT)
Place of publication, distribution, etc New York
Name of publisher, distributor, etc Springer
Date of publication, distribution, etc 1999
300 ## - PHYSICAL DESCRIPTION
Extent xiv, 352p.
Other physical details Paperback
500 ## - GENERAL NOTE
General note UGC Start-Up Research Grant: Mathematics Project
653 ## - INDEX TERM--UNCONTROLLED
Uncontrolled term Fuzzy algorithms
653 ## - INDEX TERM--UNCONTROLLED
Uncontrolled term Logic, Symbolic and mathematical
653 ## - INDEX TERM--UNCONTROLLED
Uncontrolled term Mathematical optimization
700 ## - ADDED ENTRY--PERSONAL NAME
Personal name Zimmermann, H.J.
Relator term Editor
700 ## - ADDED ENTRY--PERSONAL NAME
Personal name Babuska, R
Relator term Editor
942 ## - ADDED ENTRY ELEMENTS (KOHA)
Koha item type Books
Source of classification or shelving scheme Dewey Decimal Classification
Holdings
Withdrawn status Lost status Source of classification or shelving scheme Damaged status Not for loan Collection code Home library Current library Date acquired Source of acquisition Total Checkouts Full call number Barcode Checked out Date last seen Date checked out Price effective from Koha item type
    Dewey Decimal Classification     General Text Book Central University Of Rajasthan Central University Of Rajasthan 22/10/2020 MTH(P) 1 511.3223 F98F 34303 03/11/2020 03/11/2020 03/11/2020 22/10/2020 Books